Risk management a poistenie
Pojem risk management. Systém riadeného rizika alebo hospodárenie s rizikami - spočíva v sústavnej analýze ekonomickej činnosti podnikateľa. Úloha rizikového manažéra. Niekoľko fáz riadenia rizika: oboznámenie sa z rizikom, zhodnotenie rizika, spôsob finančného krytia. Poistenie - v rámci systému ri...
Guardado en:
| Autor principal: | |
|---|---|
| Formato: | Capítulo de libro |
| Lenguaje: | eslovaco |
| Materias: | |
| Etiquetas: |
Sin Etiquetas, Sea el primero en etiquetar este registro!
|
MARC
| LEADER | 00000naa a2200000 4500 | ||
|---|---|---|---|
| 001 | r025192 | ||
| 005 | 20230607125143.2 | ||
| 041 | 0 | |a slo | |
| 044 | |a SK | ||
| 245 | 1 | 0 | |a Risk management a poistenie |c Imrich Fekete |
| 520 | |a Pojem risk management. Systém riadeného rizika alebo hospodárenie s rizikami - spočíva v sústavnej analýze ekonomickej činnosti podnikateľa. Úloha rizikového manažéra. Niekoľko fáz riadenia rizika: oboznámenie sa z rizikom, zhodnotenie rizika, spôsob finančného krytia. Poistenie - v rámci systému riadenia rizika - najdôležitejší nástroj na zabezpečenie podnikateľa alebo podniku pred finančnými dôsledkami rizík. | ||
| 610 | 2 | 0 | |a poistenie |
| 610 | 2 | 0 | |a risk management |
| 610 | 2 | 0 | |a pojmy |
| 100 | 1 | |a Fekete, Imrich | |